01140aam a2200301 i 4500001001000000003001000010005001700020007000300037008004100040040001400081041000800095082002100103100002400124245004600148264007100194264001100265300002700276336002700303337003300330338002800363505026100391563001400652650002300666942000700689945001200696952011300708999001700821768714001CO-MdFUSB20250425171320.0ta250425t1967 sp |||| |||| 00| 0 spa d cCO-MdFUSB0 aspa04223a239 bG7962r1 aGrau, Joséeautor10aUna respuesta evangélicac/ José Grau 1bEdiciones Evangélicas Europeas, aBarcelona, España : c[1967] 4c©1967 a141 páginasc; 17 cm atextobtxt2rdacontent 2rdamediaasin mediaciónbn 2rdacarrieravolumenbnc a¿Para qué el cristianismo? -- La ciencia y la Biblia, ¿son incompatibles? -- Los milagros y su significado. -- ¿Qué creen los Evangélicos? -- ¿«Cree mucho y peca más? -- Imitación de María. -- "Tu es Petruss". --Nuestra triple afirmación aRústico 7aApologética9187 cBK aJTF-925 001040708GENaFUSBCbFUSBCd2004-12-07l0oG 239 G7962r p3774r2019-12-12 00:00:00t1w2016-01-26yBKB0 c35226d35226